Paroles : Une femme avec une femme Mécano - Statistiques

Statistiques générales
  • Ce quiz a été pris 555 fois
  • Le résultat moyen est 203 sur 249
Statistiques - réponses
Réponse % Correct
femme
100%
à
98%
A
98%
de
98%
la
98%
98%
Un
98%
le
97%
avec
96%
Avec
96%
Une
96%
une
96%
se
95%
Ca
94%
ça
94%
Deux
94%
deux
94%
les
94%
qui
94%
Qui
94%
en
93%
femmes
93%
main
93%
n'a
92%
rien
92%
ce
91%
Ce
91%
peau
91%
tiennent
91%
90%
ou
90%
si
90%
Si
90%
du
89%
ne
88%
peut
88%
au
87%
morale
87%
plein
87%
C'est
86%
c'est
86%
Et
86%
vol
86%
colombes
85%
elles
85%
que
85%
sol
85%
Je
84%
je
84%
pas
84%
qu'à
84%
des
83%
me
83%
ras
83%
faire
79%
y
79%
arrête
78%
doute
78%
s'installe
78%
sous
78%
qu'il
77%
table
77%
Dans
74%
dans
74%
dire
74%
dit
74%
l'autre
74%
geste
73%
leur
72%
L'une
72%
mal
72%
Quand
72%
m'en
71%
n'ai
71%
aller
70%
dérange
70%
gêner
70%
laisser
70%
veux
70%
mieux
69%
sont
69%
vaut
69%
agir
67%
pierre
67%
tout
67%
première
66%
n'ont
65%
salon
65%
fasse
64%
pourrait
64%
jeter
63%
n'aurais
63%
pensent
63%
seules
63%
trouve
63%
l'audace
62%
qu'ils
62%
reste
62%
tousser
62%
disent
61%
juger
60%
autres
59%
porte
59%
amour
58%
forteresse
58%
yeux
57%
amitié
55%
bouche-à-bouche
55%
cacher
55%
est
55%
rue
55%
mains
54%
mes
54%
construiraient
53%
déguisent
52%
Même
52%
pourraient
51%
poussant
51%
pierres
50%
perdre
48%
nues
45%
secret
45%
Alors
44%
Après
43%
comme
43%
Aucun quiz correspondant
Distribution des résultats
% des personnes avec chaque résultat
Percentile par nombre de réponses
Votre historique - résultats
Vous n’avez pas pris ce quiz